书目信息 |
| 题名: |
怨室
|
|
| 作者: | 朱琨 著 | |
| 分册: | ||
| 出版信息: | 南宁 广西人民出版社 2009 |
|
| 页数: | 284页 | |
| 开本: | 24cm | |
| 丛书名: | 胆小鬼系列 | |
| 单 册: | ||
| 中图分类: | I247.56 | |
| 科图分类: | ||
| 主题词: | 长篇小说--中国--现代 , 恐怖小说--中国--现代 , 长篇小说 , 恐怖小说 | |
| 电子资源: | ||
| ISBN: | 978-7-219-06713-0 | |
| 000 | 00748oam2 2200289 450 | |
| 001 | 1158806732 | |
| 005 | 20111208143555.71 | |
| 010 | @a978-7-219-06713-0@dCNY24.80 | |
| 090 | @aI247.56@bzk | |
| 096 | @aI247.56@bzk | |
| 100 | @a20091102d2009 em y0chiy50 ea | |
| 101 | 0 | @achi |
| 102 | @aCN@b450000 | |
| 105 | @ay z 000ay | |
| 200 | 1 | @a怨室@9yuan shi@b专著@f朱琨著 |
| 210 | @a南宁@c广西人民出版社@d2009 | |
| 215 | @a284页@d24cm | |
| 225 | 2 | @a胆小鬼系列 |
| 461 | 0 | @1001003203503 |
| 606 | 0 | @a长篇小说@y中国@z现代 |
| 606 | 0 | @a恐怖小说@y中国@z现代 |
| 606 | 0 | @a长篇小说 |
| 606 | 0 | @a恐怖小说 |
| 690 | @aI247.56@v4 | |
| 701 | 0 | @a朱琨@f(197?~)@9zhu kun@4著 |
| 801 | 0 | @aCN@b110020@c20091028 |
| 905 | @aZUCC@dI247.56@eZ855 | |
| 怨室/朱琨著.-南宁:广西人民出版社,2009 |
| 284页;24cm.-(胆小鬼系列) |
| ISBN 978-7-219-06713-0:CNY24.80 |
| ● |
| 相关链接 |
|
|
|
正题名:怨室
索取号:I247.56/Z855
 
预约/预借
| 序号 | 登录号 | 条形码 | 馆藏地/架位号 | 状态 | 备注 |
| 1 | 826713 | 208267132 | 文学库108/108文学库 46排2列3层/ [索取号:I247.56/Z855] | 在馆 | |
| 2 | 826714 | 208267141 | 社科二线400B/400B社科库 11排4列1层/ [索取号:I247.56/Z855] | 在馆 | |
| 3 | 826809 | 208268097 | 文学库108/108文学库 46排2列4层/ [索取号:I247.56/Z855] | 在馆 |